• 首页
  • 本馆介绍
  • 公告通知
  • 最新文献
  • 馆藏检索
  • 电子资源
  • 读者导购
  • 参考咨询
  • 我的图书馆
  • 登录
  • 详细信息显示
  • 放入我的书架
  • 预约/预借图书
  • 作者相关作品
  • 分类相关作品
  • 丛书相关作品
  • 出版社相关作品

书目信息

  • 表格格式
  • 工作单格式
  • 卡片格式
题名:
马克思恩格斯选集
    
 
作者: ;中共中央马克思恩格斯列宁斯大林著作编译局
分册: 第一卷  
出版信息: 北京   人民出版社  1972.05
页数: 803页
开本: 19cm
丛书名:
单 册:
中图分类: A11
科图分类:
主题词: 马恩著作--选集 , 马恩著作--文集
电子资源:
ISBN:
000 00719nam0 2200217 45
001 0311250887
005 20050512084809.7
010    @dCNY1.70
091    @a1001.987
100    @a20031125d1972 km y0chiy0120 ea
101 0  @achi@cger
105    @ac z 000yy
200 1  @a马克思恩格斯选集@AMa Ke Si En Ge Si Xuan Ji@h第一卷@f中共中央马克思恩格斯列宁斯大林著作编译局编@FZhong Gong Zhong Yang Ma Ke Si En Ge Si Lie Ning Si Da Lin Zhu Zuo Bian Yi Ju Bian
210    @a北京@c人民出版社@d1972.05
215    @a803页@c肖像@d19cm
606 0  @a马恩著作@x选集
606 0  @a马恩著作@x文集
690    @aA11@v3
711 02 @a中共中央马克思恩格斯列宁斯大林著作编译局
801    @aCN@bTSTC@c20031211
905    @dA11@e3:1@f1@b61944
    
    马克思恩格斯选集.第一卷/中共中央马克思恩格斯列宁斯大林著作编译局编.-北京:人民出版社,1972.05
    803页:肖像;19cm
    
    
    ISBN :CNY1.70
    
●
相关链接 在E读中查询图书 在五车中查询图书 在当当中查询图书 在豆瓣中查询图书


正题名:马克思恩格斯选集     索取号:A11/3:1         预约/预借

序号 登录号 条形码 馆藏地/架位号 状态 备注
1 0030040   000000046   第一借阅区/ [索取号:A11/3:1] 在馆    
2 0061943   000000484   第一借阅区/ [索取号:A11/3:1] 在馆    
3 0061944   002045281   第一样本阅览室/ [索取号:A11/3:1] 在馆    
4 0062834   000000420   第一借阅区/ [索取号:A11/3:1] 在馆    
唐山师范学院图书馆 欢迎您!
大连网信软件有限公司© 版权所有